| 000 | nam a22 7a 4500 | ||
|---|---|---|---|
| 999 |
_c27036 _d27036 |
||
| 008 | 170207b xxu||||| |||| 00| 0 eng d | ||
| 050 | _aNK 7198 .H4A45 1965 | ||
| 100 |
_aHeadley, George W. _d1965 |
||
| 245 |
_aThe headley treasure of bibelots and boxes/ _cGeorge W. Headley, Marvin C. Ross. |
||
| 260 |
_aNew york: _bOctober house inc, _c1965. |
||
| 300 |
_a92p.: _bill.; _c26cm. |
||
| 700 | _aRoss, Marvin C. | ||
| 942 |
_2ddc _cBOOKS _hNK 7198 .H4A45 1965 |
||